[Event "Warsaw Najdorf Memorial op-B"]
[Site "Warsaw"]
[Date "2022.07.16"]
[Round "8"]
[White "Flis, Piotr"]
[Black "Nowak, Lukasz"]
[Result "1/2-1/2"]
[WhiteElo "1523"]
[BlackElo "1709"]
[PlyCount "75"]
[EventDate "2022.07.09"]
[EventType "swiss"]
[EventRounds "9"]
[EventCountry "POL"]
[SourceTitle "CBM 209 Extra"]
[Source "ChessBase"]
[SourceDate "2022.09.30"]
[SourceVersion "1"]
[SourceVersionDate "2022.09.30"]
[SourceQuality "1"]

1. e4 c5 2. Nf3 e6 3. d4 cxd4 4. Nxd4 a6 5. c4 Nf6 6. Nc3 Qc7 7. a3 b6 8. Be2 Bb7 9. f3 d6 10. Be3 Nbd7 11. Rc1 Be7 12. 0-0 0-0 13. b4 Rac8 14. Qd2 Rfe8 15. Na4 Qb8 16. Nb2 d5 17. exd5 exd5 18. Bf4 Bd6 19. Bxd6 Qxd6 20. Nf5 Qe5 21. Ng3 Qe3+ 22. Qxe3 Rxe3 23. cxd5 Rxc1 24. Rxc1 Nxd5 25. Nc4 Rc3 26. Rxc3 Nxc3 27. Bd3 b5 28. Nd6 Bd5 29. Nge4 Nxe4 30. Nxe4 Ne5 31. Be2 Be6 32. Nc5 Bc8 33. Kf2 Kf8 34. Ke3 Ke7 35. Bd3 Nxd3 36. Kxd3 h6 37. f4 Kd6 38. Kd4 1/2-1/2